000 01050nam a22002537a 4500
005 20170124102941.0
010 _aA-595442
020 _c75.00
_a8185127379
035 _aA-595442
037 _bCen Lib/Ret
040 _aDPL
_bHN
082 _a822
_bआचार्य
100 _aआचार्य, नंदकिशोर
_948516
245 _aगुलाम बादशाह /
_cनंदकिशोर आचार्य
246 _aGulam badshah /
_bby Nandkishor Aacharya
260 _aबीकानेर
_bवाग्देवी प्रकाशन
_c1992
270 _aसुगन निवास, चन्दन सागर
_bबीकानेर
_e334001
300 _a112पृ.
_c19सेमी(सजिल्द)
650 _aहिंदी साहित्य
_948517
650 _aहिंदी साहित्य -- नाटक
_948518
650 _aHindi literature
_948519
650 _aHindi literature -- Drama
_948520
942 _2ddc
_cHN
_h822
_mआचार्य
999 _c112635
_d112635